|
|
|
|
| LEADER |
01002nam a2200241 a 4500 |
| 001 |
GR-MES4949 |
| 008 |
991111s gr 000 0 gre d |
| 020 |
|
|
|a 9608568234
|
| 040 |
|
|
|a GrPaTEI
|b gre
|c GR-PaULI
|
| 245 |
0 |
2 |
|a Η οικονομία του σταθερού εισοδήματος :
|b Σύγχρονη θεωρία ομολόγων.
|
| 260 |
|
|
|a [χ.τ.] :
|b Hartling,
|c [χ.χ]
|
| 300 |
|
|
|a 259σελ. :
|b πιν.,σχεδ.σχημ.
|
| 490 |
0 |
|
|a Σύγχρονη θεωρια ομολόγων
|
| 500 |
|
|
|a Περιέχει βιβιλιογραφία
|
| 650 |
|
4 |
|a Εισόδημα
|
| 650 |
|
4 |
|a Οικονομία
|
| 650 |
|
4 |
|a Ομόλογα
|
| 700 |
1 |
|
|a Σταλιάς, Σ.
|
| 710 |
0 |
|
|a Hartling
|
| 942 |
|
|
|2 ddc
|
| 952 |
|
|
|0 0
|1 0
|2 ddc
|4 0
|6 332_632000000000000_3_ΣΤΑ
|7 0
|9 269591
|a MSLG
|b MSLG
|c BSC
|d 2021-01-17
|e 24
|f 0
|g 0.00
|l 0
|o 332.632 3 ΣΤΑ
|p 2420000014582
|r 2021-01-17 00:00:00
|t 1
|w 2021-01-17
|y BK15
|x 19991111 0 1
|x GrPaTEI
|
| 971 |
|
|
|a .b25759966
|b 16-04-20
|c 13-09-16
|
| 999 |
|
|
|c 155569
|d 155569
|